Oxford case histories palliative medicine / (Record no. 43825)

MARC details
001 - CONTROL NUMBER
control field 23875510
003 - CONTROL NUMBER IDENTIFIER
control field 0000
005 - DATE AND TIME OF LATEST TRANSACTION
control field 20251016095756.0
008 - FIXED-LENGTH DATA ELEMENTS--GENERAL INFORMATION
fixed length control field 240925s2025 nyu 000 0 eng
010 ## - LIBRARY OF CONGRESS CONTROL NUMBER
LC control number 2024947177
020 ## - INTERNATIONAL STANDARD BOOK NUMBER
International Standard Book Number 9780198878353
035 ## - SYSTEM CONTROL NUMBER
System control number 23875510
040 ## - CATALOGING SOURCE
Original cataloging agency DLC
Language of cataloging eng
Description conventions rda
Transcribing agency DLC
042 ## - AUTHENTICATION CODE
Authentication code pcc
050 ## - LIBRARY OF CONGRESS CALL NUMBER
Classification number RC 271.6 .O94
100 ## - MAIN ENTRY--PERSONAL NAME
Personal name Pickard, Jonathan
245 00 - TITLE STATEMENT
Title Oxford case histories palliative medicine /
Statement of responsibility, etc Jonathan Pickard, Jonathan Hindmarsh.
263 ## - PROJECTED PUBLICATION DATE
Projected publication date 2501
264 #1 - PUBLICATION, DISTRIBUTION, ETC. (IMPRINT)
Place of publication, distribution, etc United Kingdom :
Name of publisher, distributor, etc Oxford University Press,
Date of publication, distribution, etc 2025.
300 ## - PHYSICAL DESCRIPTION
Extent xi, 536p. ill.
336 ## - CONTENT TYPE
Content type term text
Content type code txt
Source rdacontent
337 ## - MEDIA TYPE
Media type term unmediated
Media type code n
Source rdamedia
338 ## - CARRIER TYPE
Carrier type term volume
Carrier type code nc
Source rdacarrier
490 0# - SERIES STATEMENT
Series statement Oxford case histories series
504 ## - BIBLIOGRAPHY, ETC. NOTE
Bibliography, etc Includes Index
520 ## - SUMMARY, ETC.
Summary, etc "Specialist palliative medicine recognises, and places special emphasis upon, the needs of an ageing population, where multi-morbidity is increasingly common and cross-setting, cross-specialty integrated working is a necessity"--
Assigning source Provided by publisher.
650 ## - SUBJECT ADDED ENTRY--TOPICAL TERM
Source of heading or term
Form subdivision
651 ## - SUBJECT ADDED ENTRY--GEOGRAPHIC NAME
Source of heading or term
700 1# - ADDED ENTRY--PERSONAL NAME
Personal name Pickard, Jonathan,
Relator term editor.
700 1# - ADDED ENTRY--PERSONAL NAME
Personal name Hindmarsh, Jonathan,
Relator term editor.
906 ## - LOCAL DATA ELEMENT F, LDF (RLIN)
a 0
b ibc
c orignew
d 2
e epcn
f 20
g y-gencatlg
942 ## - ADDED ENTRY ELEMENTS (KOHA)
Source of classification or shelving scheme Library of Congress Classification
Koha item type Books
Holdings
Withdrawn status Lost status Source of classification or shelving scheme Damaged status Not for loan Permanent Location Current Location Date acquired Total Checkouts Full call number Barcode Date last seen Price effective from Koha item type
    Library of Congress Classification     NILE UNIVERSITY OF NIGERIA - MAIN LIBRARY NILE UNIVERSITY OF NIGERIA - MAIN LIBRARY 10/16/2025   RC 271.6 .O94 2025 0199170 10/16/2025 10/16/2025 Books